| 000 | 00783nam a2200253 i 4500 | ||
|---|---|---|---|
| 001 | bg | ||
| 245 | 7 | 0 |
_aEncyklopedia historii Polski : _bdzieje polityczne / _cJan Dzięgielewski [et. al.] ; [aut. haseł Wojciech Biliński et al.]. - T.1: [A-M]. |
| 260 |
_aWarszawa : _bMOREX-EGROSS, _c1994. |
||
| 300 |
_a451 s., [40] k. tabl. kolor. : _bfaks., fot., mapy, rys., wykr. ; _c34 cm. |
||
| 650 | 9 | _aHistoria | |
| 651 | 9 |
_aPolska _xhistoria |
|
| 655 | _aEncyklopedie | ||
| 700 | 1 | _aDZIĘGIELEWSKI, Jan. | |
| 700 | 1 | _aBILIŃSKI, Wojciech. | |
| 020 | _a839025221X | ||
| 020 | _a838525353X | ||
| 040 | _cBPK | ||
| 041 | _apol | ||
| 080 | _a93/99+943.8](03) | ||
| 920 | _a83-902522-1-X | ||
| 920 | _a83-85253-53-X | ||
| 942 | _cKS | ||
| 008 | s pl f |000 0 pol | ||
| 999 |
_c31359 _d31359 |
||
| 856 |
_uhttp://koha.tu.koszalin.pl/cgi-bin/koha/opac-detail.pl?biblionumber=31359 _yKatalog online BPK |
||